| 000 | 01381cam a22003254a 4500 | ||
|---|---|---|---|
| 001 | 12651776 | ||
| 003 | NUST-PNEC | ||
| 005 | 20170116180658.0 | ||
| 008 | 020122s2002 maua b 001 0 eng | ||
| 010 | _a 2002019677 | ||
| 020 | _a1580530443 | ||
| 040 |
_aDLC _cPNEC _dDLC |
||
| 042 | _apcc | ||
| 050 | 0 | 0 |
_aTK5103.2 _b.H368 2002 |
| 082 | 0 | 0 | _a621.3845 HAR |
| 100 | 1 |
_aHarada, Hiroshi, _d1969- |
|
| 245 | 1 | 0 |
_aSimulation and software radio for mobile communications _cHiroshi Harada, Ramjee Prasad. |
| 260 |
_aBoston : _bArtech House, _cc2002. |
||
| 300 |
_axx, 467 p. : _bill. ; _c24 cm. + |
||
| 440 | 4 | _aThe Artech House universal personal communications series | |
| 500 | _aIncludes Index http://www.amazon.com/Simulation-Software-Communications-Universal-Personal/dp/1580530443/ref=sr_1_1?s=books&ie=UTF8&qid=1409988320&sr=1-1&keywords=1580530443 | ||
| 504 | _aIncludes bibliographical references and index. | ||
| 650 | 0 |
_aWireless communication systems _xEL, MS COMM |
|
| 650 | 0 |
_aCell phone systems _xComputer simulation. |
|
| 700 | 1 | _aPrasad, Ramjee. | |
| 856 | 4 | 1 |
_3Table of contents _uhttp://www.loc.gov/catdir/toc/fy031/2002019677.html |
| 906 |
_a7 _bcbc _corignew _d1 _eocip _f20 _gy-gencatlg |
||
| 942 |
_2ddc _cBK |
||
| 999 |
_c60448 _d60448 |
||